000 00244 a2200109 4500
001 121079
040 _cEscola Canadense de Niteroi
245 1 0 _aColeção de mapas dos estados brasileiros
650 4 _aMapa
650 4 _aBrasil
942 _cMATP
999 _c121079
_d121079